Biblioteka Instytutu Północnego w Olsztynie

Z kart wojskowych tradycji Pomorza i Kujaw : (Rekord nr 27895)

Szczegóły MARC
000 -Nagłówek
fixed length control field 02484cam a2200517 i 4500
001 - Nr kontrolny bibl., która utworzyła rek.
control field xx004964604
003 - Siglum bibl., której nr kontr. jest w 001
control field NUKAT
005 - Data i czas ostatniej operacji
control field 20260430111259.0
008 - Elementy pola stałej długości
fixed length control field 201007s2020 pl a |001 0dpol c
020 ## - ISBN
ISBN 9788380989566
dopowiedzenie (oprawa twarda) :
warunki dostępności zł 45,00
035 ## - Systemowy numer kontrolny
systemowy numer kontrolny (OCoLC)1204357031
035 ## - Systemowy numer kontrolny
systemowy numer kontrolny (NUKAT)xx004964604
040 ## - Instytucja sporządzająca opis
Instytucja, która sporządziła opis LUBL KUL/IP
język katalgowania-trzyzn. kod pol
zasady opisu rda
Instytucja, która sporządziła rekord LUBL KUL/IP
Instytucja, która zmodyfikowała rekord LUBL KUL/SKs
-- WR U/MB
-- WR O/JG
-- OLSZT 008/bak
045 2# - Okres czasu dla zawartości
czas między r. 9999 pne a nasz. czas. d1918
-- d1939
046 ## - Kod rodz. daty, data1, data2 (daty pne)
Begin/single date 2020
100 1# - Hasło główne-nazwa osobowa
Nazwa osobowa Smoliński, Aleksander
Daty biograficzne (1964- ).
rodzaj współpracy Autor
9 (RLIN) 12127
245 10 - Tytuł właściwy i oznaczenie odpow.
tytuł Z kart wojskowych tradycji Pomorza i Kujaw :
dodatek do tytułu kawaleria oraz szkolnictwo kawaleryjskie i artyleria konna na terenie Dowództwa Okręgu Korpusu Nr VIII "Toruń" na tle broni konnych Wojska Polskiego oraz armii wybranych państw europejskich z lat 1918-1939 /
dod. inf. ze s. tyt./ozn. odpow. Aleksander Smoliński ; Instytut Pamięci Narodowej - Komisja Ścigania Zbrodni przeciwko Narodowi Polskiemu.
260 ## - Adres wydawniczy
miejsce wydania, dystrybucji itp. Gdańsk ;
-- Warszawa :
nazwa wydawcy, dystrybutora itp. Instytut Pamięci Narodowej - Komisja Ścigania Zbrodni przeciwko Narodowi Polskiemu,
data wydania, dystrybucji itp. 2020.
300 ## - Opis fizyczny
objętość i/lub forma materiału 494 strony :
inne szczegóły opisu fizycznego ilustracje ;
format 25 cm.
336 ## - Content Type
Term Tekst
Code txt
Source rdacontent
337 ## - Media Type
Term Bez urządzenia pośredniczącego
Code n
Source rdamedia
338 ## - Carrier Type
Term Wolumin
Code nc
Source rdacarrier
380 ## - Form of work
Form of work Książki
380 ## - Form of work
Form of work Publikacje naukowe
388 1# - TIME PERIOD OF CREATION
Time period of creation term 2001-
504 ## - Uwaga o bibliografii
uwaga o bibliografii Bibliografia prac autora na stronach 448-460, pozostała literatura na stronach 460-470. Indeksy.
610 27 - Hasło przedmiotowe-nazwa ciała zbior.
nazwa ciała zbior. lub geogr. Wojsko Polskie (1918-1939)
źródło hasła DBN
9 (RLIN) 37311
610 17 - Hasło przedmiotowe-nazwa ciała zbior.
nazwa ciała zbior. lub geogr. Polska.
nazwa jednostki podrzędnej Wojsko Polskie (1918-1939).
-- Pomorska Brygada Kawalerii.
źródło hasła kaba
9 (RLIN) 40992
610 17 - Hasło przedmiotowe-nazwa ciała zbior.
nazwa ciała zbior. lub geogr. Polska.
nazwa jednostki podrzędnej Wojsko Polskie (1918-1939).
-- Okręg Korpusu nr VIII (Toruń).
-- Dowództwo.
źródło hasła kaba
9 (RLIN) 40993
648 #7 - SUBJECT ADDED ENTRY--CHRONOLOGICAL TERM
Chronological term 1901-2000
Source of heading or term DBN
9 (RLIN) 34996
648 #7 - SUBJECT ADDED ENTRY--CHRONOLOGICAL TERM
Chronological term 1918-1939
Source of heading or term DBN
9 (RLIN) 36041
650 #7 - Hasło przedmiotowe-nazwa pospolita
nazwa pospolita lub geogr. Artyleria konna
źródło hasła DBN
9 (RLIN) 40994
650 #7 - Hasło przedmiotowe-nazwa pospolita
nazwa pospolita lub geogr. Kawaleria
źródło hasła DBN
9 (RLIN) 37580
650 #7 - Hasło przedmiotowe-nazwa pospolita
nazwa pospolita lub geogr. Żołnierze
źródło hasła DBN
9 (RLIN) 35175
650 #7 - Hasło przedmiotowe-nazwa pospolita
nazwa pospolita lub geogr. Kawaleria
określnik geograficzny Polska
określnik chronologiczny 1900-1945.
źródło hasła kaba
9 (RLIN) 40995
650 #7 - Hasło przedmiotowe-nazwa pospolita
nazwa pospolita lub geogr. Kawaleria
określnik geograficzny Polska
-- Pomorze Gdańskie (region)
określnik chronologiczny 1900-1945.
źródło hasła kaba
9 (RLIN) 40996
651 #7 - Hasło przedmiotowe-nazwa geogr.
nazwa geograficzna Kujawy
źródło hasła DBN
9 (RLIN) 40997
651 #7 - Hasło przedmiotowe-nazwa geogr.
nazwa geograficzna Polska
źródło hasła DBN
9 (RLIN) 35076
651 #7 - Hasło przedmiotowe-nazwa geogr.
nazwa geograficzna Pomorze
źródło hasła DBN
9 (RLIN) 36214
655 #7 - Termin określający rodzaj/formę
rodzaj/forma Monografia
źródło terminu DBN
9 (RLIN) 35240
658 ## - Nazwa określająca cel programu nauczania
główny cel programu nauczania Bezpieczeństwo i wojskowość
658 ## - Nazwa określająca cel programu nauczania
główny cel programu nauczania Historia
710 2# - Hasło dodatkowe - nazwa ciała zbior.
nazwa ciała zbior. lub nazwa geogr. Instytut Pamięci Narodowej - Komisja Ścigania Zbrodni przeciwko Narodowi Polskiemu.
rodzaj współpracy Instytucja sprawcza
-- Wydawca
kod rodzaju współpracy pbl
9 (RLIN) 11792
920 ## - ISBN
ISBN 978-83-8098-956-6 (oprawa twarda) : zł 45,00
942 ## - ADDED ENTRY ELEMENTS (KOHA)
Source of classification or shelving scheme Dewey Decimal Classification
Koha item type pozycje dostępne na miejscu
Egzemplarze
Status wycofania Status zagubienia Klasyfikacja Status uszkodzenia Blokada wypożyczeń Kolekcja Lokalizacja macierzysta Lokalizacja bieżąca Data nabycia Numer akcesji Źródło akcesji Cena Nr inwentarzowy il. wypożyczeń Sygnatura Kod kreskowy Date last seen Price effective from Typ egz.
    Dewey Decimal Classification nieuszkodzona   książka w magazynie Biblioteka Instytutu Północnego w Olsztynie Biblioteka Instytutu Północnego w Olsztynie 30/11/2020 D-36/2020 dar 45.00 59984   59984 IPWK24088 30/04/2026 30/04/2026 pozycje dostępne na miejscu
Biblioteka Instytutu Północnego, ul. Partyzantów 87, 10-402 Olsztyn, email: biblioteka(at)ip.olsztyn.pl